00526nam a2200193 a 4500001001300000003000900013005001700022008004100039020002500080082001300105100001800118245007100136260004000207300000900247500003500256505001000291650001300301700001800314nice12345678IN_TiNIC20260116011635.0050524s1971 cama grp 000 0 eng  a0718821 c301.500a230bOTT aOtt, Heinrich aReality and Faithb the Theological Legacy of Dietrich Bonhoeffer. aCambridgebLutherworth Press c1971 a456p aincludes index and biblioraphy2 aIndex aTheology1 aOtt, Heinrich